Recent French developments in the use of rubber for railways: proceedings (Record no. 20199)

MARC details
000 -LEADER
fixed length control field 00319nam a2200109Ia 4500
082 ## - DEWEY DECIMAL CLASSIFICATION NUMBER
Classification number NR:62:625.1
Item number REC;1
245 #0 - TITLE STATEMENT
Title Recent French developments in the use of rubber for railways: proceedings
260 ## - PUBLICATION, DISTRIBUTION, ETC. (IMPRINT)
Place of publication London
Name of publisher BRDB
Year of publication 1952
650 ## - SUBJECT ADDED ENTRY--TOPICAL TERM
Topical Term Rubber railways
942 ## - ADDED ENTRY ELEMENTS (KOHA)
Koha item type Books
Holdings
Withdrawn status Lost status Damaged status Not for loan Home library Current library Date acquired Full call number Accession Number Koha item type
        RRII Library RRII Library 16/12/2021 NR:62:625.1 REC;1 00927 Books